20 Largest Cities In The United Kingdom - Statistics

General Stats
  • This quiz has been taken 86 times
  • The average score is 11 of 20
Answer Stats
Hint Answer % Correct
1 London
100%
9 Manchester
100%
8 Edinburgh
97%
2 Birmingham
96%
6 Liverpool
96%
4 Glasgow
93%
3 Leeds
92%
14 Cardiff
91%
10 Bristol
88%
17 Belfast
85%
5 Sheffield
78%
7 Bradford
38%
16 Bolton
16%
18 Wakefield
8%
12 Fife
1%
11 Kirklees
1%
19 Sandwell
1%
20 Wigan
1%
15 Dudley
0%
13 Wirral
0%
No matching quizzes found
Score Distribution
Percent of People with Each Score
Percentile by Number Answered
Your Score History
You have not taken this quiz